000 00719cab a2200241 4500
001 WB2923-65
008 090401t1993 xxu||||| |||| 00| 0 eng d
035 _a(Sirsi) u54578
041 _aeng
245 _aSurveyors` success
260 _c1993
350 _a0
490 _aScotsman
_v17 June 1993, 11(1)
520 _aExamines why a record number of Scottish chartered surveyors have made it into the Economic Development Briefing`s Top 100.
650 _aCHARTERED SURVEYORS SURVEY
650 _aABOUT RICS-RICS MEMBERS
650 _aRANKING
650 _aSCOTLAND
650 _aSURVEYING FIRMS
690 _aMANAGEMENT-BUSINESS MANAGEMENT-PROFESSIONAL PRACTICE
942 _n0
948 _c04/03/1997
999 _c33459
_d33459